[Event "Villa Ballester Verano op 59th"]
[Site "Villa Ballester"]
[Date "2009.01.19"]
[Round "1"]
[White "Restuccia, Francisco"]
[Black "Karpinski, Ivan"]
[Result "1-0"]
[WhiteElo "2114"]
[BlackElo "1753"]
[PlyCount "61"]
[EventDate "2009.01.06"]
[EventType "swiss"]
[EventRounds "9"]
[EventCountry "ARG"]
[SourceTitle "CBM 128 Extra"]
[Source "ChessBase"]
[SourceDate "2009.03.05"]
[SourceVersion "2"]
[SourceVersionDate "2009.03.25"]
[SourceQuality "1"]

1. e4 c5 2. d4 cxd4 3. c3 d3 4. Bxd3 d6 5. c4 Nc6 6. Nc3 Nf6 7. Nge2 g6 8. 0-0 Bg7 9. h3 0-0 10. Be3 Nd7 11. Qd2 Nc5 12. b3 b6 13. Rad1 Bb7 14. Bh6 Ne5 15. Bb1 Bc8 16. Nd4 Bb7 17. Bxg7 Kxg7 18. f4 Ned7 19. b4 Na6 20. a3 Rc8 21. Qe2 Nc7 22. e5 dxe5 23. fxe5 e6 24. Be4 Bxe4 25. Nxe4 Ne8 26. Nf6 Nexf6 27. exf6+ Kh8 28. Nb5 a6 29. Nd6 Rc6 30. Qe3 Qb8 31. Ne4 1-0